| 000 | 00547nam a2200157 a 4500 | ||
|---|---|---|---|
| 001 | 000016309 | ||
| 005 | 20200929164350.0 | ||
| 008 | 100303s1987 dr ac 001 0 spa d | ||
| 040 |
_aDO-SdBNP _bspa _cBNPHU |
||
| 082 |
_axxxx _bR337g |
||
| 245 | 0 | 0 |
_aRegistro genealógico de ejemplares pura sangre de carreras de República Dominicana : _bStad book de Rep. Dominicana, 1985-1986 /. |
| 260 |
_aSanto Domingo : _bComisión Hipica Nacional, _c1987. _fTaller |
||
| 300 |
_av. : _bil. ; _c23 cm. |
||
| 500 | _aLa biblioteca posee el v. 3 | ||
| 049 | _aBNPD | ||
| 999 |
_c15844 _d15844 |
||